Face2face : Starter Teacher´s Book /

Salvato in:
Dettagli Bibliografici
Autore principale: Redston, Chris (Autore)
Natura: Libro
Lingua:inglese
Pubblicazione: Cambridge : Cambridge University Press 2013
Edizione:2. vyd.
Tags: Aggiungi Tag
Nessun Tag, puoi essere il primo ad aggiungerne!!

MARC

LEADER 00000nam a22000003a 4500
001 0016216
003 SK-STU
005 20160801105348.0
007 ta
008 160801s ----xo-----e------000-0-----d
020 |a 978-1-107-65041-1 
040 |a STU  |b slo 
041 0 |a eng 
044 |a xxk 
080 |a 821.111 
100 1 |a Redston, Chris  |4 aut 
245 1 0 |a Face2face :  |b Starter Teacher´s Book /  |c aut. Chris Redston 
250 |a 2. vyd. 
260 |a Cambridge :  |b Cambridge University Press  |c 2013 
300 |a 191 s.,  |b DVD 
996 |b 284EK89708  |c E* 89708  |l EE38  |s P  |a 0  |w 0016216_0001